[Event "L. Polugaevsky Memorial 2012"]
[Site "Samara"]
[Date "2012.07.08"]
[Round "4.19"]
[White "Travkina, Anastasia"]
[Black "Kopylov, Alexander A"]
[Result "0-1"]
[WhiteElo "2169"]
[BlackElo "2446"]
[PlyCount "68"]
[EventDate "2012.07.05"]

1. e4 c5 2. Nf3 d6 3. d4 cxd4 4. Nxd4 Nf6 5. Nc3 a6 6. Be2 g6 7. O-O Bg7 8. a4
O-O 9. Be3 Nbd7 10. f4 Qc7 11. Nb3 b6 12. Bf3 Rb8 13. Qe2 Nc5 14. Rfd1 Re8 15.
Nd2 h5 16. h3 Bd7 17. Qf2 Bc6 18. Bd4 Ne6 19. Be3 Nc5 20. Bd4 Qb7 21. e5 dxe5
22. Bxe5 Rbc8 23. a5 b5 24. Re1 b4 25. Ne2 Ncd7 26. Nd4 Bxf3 27. Qxf3 Qxf3 28.
N2xf3 Nxe5 29. fxe5 Nd5 30. Rad1 e6 31. Nd2 Red8 32. Re4 Bh6 33. Kf2 Ne3 34.
Re1 Nf5 0-1

[Event "L. Polugaevsky Memorial 2012"]
[Site "Samara"]
[Date "2012.07.08"]
[Round "4.20"]
[White "Vokarev, Sergey"]
[Black "Gusarov, Aleksey"]
[Result "1-0"]
[WhiteElo "2437"]
[BlackElo "1877"]
[PlyCount "61"]
[EventDate "2012.07.05"]

1. e4 e5 2. Nf3 Nc6 3. Nc3 Nf6 4. d4 exd4 5. Nxd4 Bb4 6. Nxc6 bxc6 7. Bd3 O-O
8. O-O d5 9. exd5 cxd5 10. Bg5 c6 11. Na4 Be7 12. c4 Qd6 13. Qf3 Be6 14. Rac1
Qb4 15. b3 Rfe8 16. Rc2 Nd7 17. Bd2 Qb8 18. cxd5 cxd5 19. Bf4 Bd6 20. Bxd6 Qxd6
21. Qg3 Qb4 22. h3 Nf6 23. Rfc1 Nh5 24. Qf3 Nf4 25. Nc5 Nxd3 26. Qxd3 Rac8 27.
Qc3 Qb6 28. Qd4 Qb8 29. b4 Rc6 30. Rc3 Rec8 31. Nxe6 1-0

[Event "L. Polugaevsky Memorial 2012"]
[Site "Samara"]
[Date "2012.07.08"]
[Round "4.21"]
[White "Sinyanskiy, Maxim"]
[Black "Smirnov, Alexey"]
[Result "0-1"]
[WhiteElo "1753"]
[BlackElo "2414"]
[PlyCount "90"]
[EventDate "2012.07.05"]

1. e4 c5 2. Nf3 d6 3. d4 cxd4 4. Qxd4 Nc6 5. Bb5 Bd7 6. Bxc6 Bxc6 7. Nc3 Nf6 8.
Bg5 e6 9. O-O-O Be7 10. Rhe1 O-O 11. Kb1 Qc7 12. h4 Rfd8 13. Rg1 h6 14. Bc1 Ng4
15. Qd2 d5 16. exd5 Bxd5 17. Nxd5 Rxd5 18. Qe2 Rad8 19. Rxd5 Rxd5 20. Nd2 Qh2
21. Nf3 Qc7 22. Nd2 h5 23. Nf3 Qb6 24. Be3 Nxe3 25. fxe3 Bf6 26. c4 Rd3 27. Rc1
Rxe3 28. Qc2 Rc3 29. Qe2 Rxc1+ 30. Kxc1 Qa5 31. a3 Bxh4 32. Qe4 Bg5+ 33. Kc2
Bf6 34. Qxb7 Qf5+ 35. Kc1 Qf4+ 36. Nd2 Bg5 37. Qb4 Qf1+ 38. Kc2 Qxg2 39. Qb8+
Kh7 40. Qxa7 Qxd2+ 41. Kb3 Qd3+ 42. Kb4 Bd2+ 43. Ka4 Qxc4+ 44. b4 Bxb4 45. Qxf7
Bc3# 0-1

[Event "L. Polugaevsky Memorial 2012"]
[Site "Samara"]
[Date "2012.07.08"]
[Round "4.22"]
[White "Rozhko, Dmitry"]
[Black "Artamonov, Valery"]
[Result "0-1"]
[WhiteElo "2406"]
[BlackElo "2211"]
[PlyCount "140"]
[EventDate "2012.07.05"]

1. d4 Nf6 2. Nf3 c5 3. c3 b6 4. Bf4 g6 5. h3 Bg7 6. e3 O-O 7. Be2 Bb7 8. a4 a6
9. O-O d6 10. Nbd2 Nbd7 11. Qb1 Ra7 12. Rd1 Qa8 13. Qa2 e5 14. dxe5 Nxe5 15.
Bxe5 dxe5 16. Nc4 Bd5 17. Qa3 Nd7 18. a5 Bxc4 19. Bxc4 b5 20. Bd5 Qc8 21. c4 b4
22. Qb3 h6 23. e4 Bf6 24. Qe3 Kg7 25. Ne1 Bg5 26. Qe2 Nf6 27. Nf3 Nd7 28. Nxg5
hxg5 29. Qg4 Kh6 30. Rd3 Nf6 31. Qe2 Nh5 32. Qd2 Nf4 33. Rg3 Rd7 34. Qe3 Rd6
35. Kh2 f6 36. b3 Rh8 37. Kg1 Kg7 38. Qd2 Rh4 39. Qd1 Rd8 40. Rg4 Rh5 41. Ra2
Rdh8 42. Rg3 Rh4 43. Rd2 Rd8 44. Rg4 Rxg4 45. hxg4 Qd7 46. g3 Ne6 47. f3 Nd4
48. Kf2 Rh8 49. Kg2 Kf8 50. Rb2 Qh7 51. Qg1 Qh3+ 52. Kf2 Qh1 53. Qxh1 Rxh1 54.
Ke3 Re1+ 55. Kd3 Ra1 56. f4 gxf4 57. gxf4 exf4 58. e5 fxe5 59. Bb7 Re1 60. Bxa6
Re3+ 61. Kd2 Nxb3+ 62. Kd1 Nxa5 63. Rd2 f3 64. g5 Nb3 65. Rd6 Ke7 66. Rf6 Nd4
67. Bb7 b3 68. Kc1 e4 69. Bd5 Re1+ 70. Kd2 b2 0-1

[Event "L. Polugaevsky Memorial 2012"]
[Site "Samara"]
[Date "2012.07.08"]
[Round "4.25"]
[White "Velichko, Arseny"]
[Black "Yandarbiev, Ruslan"]
[Result "1-0"]
[WhiteElo "1914"]
[BlackElo "2375"]
[PlyCount "91"]
[EventDate "2012.07.05"]

1. d4 Nf6 2. c4 g6 3. Nc3 Bg7 4. Nf3 O-O 5. Bg5 d6 6. e3 c5 7. Be2 Nc6 8. O-O
h6 9. Bh4 g5 10. Bg3 Nh5 11. d5 Nxg3 12. hxg3 Ne5 13. Qc2 e6 14. Nxe5 Bxe5 15.
Rad1 Qa5 16. f4 gxf4 17. gxf4 Bg7 18. dxe6 Qd8 19. exf7+ Rxf7 20. Qd2 Qe7 21.
Bf3 Kh8 22. Nd5 Qd8 23. Rfe1 Bf5 24. Nc3 Rd7 25. g4 Be6 26. Qe2 Bxc3 27. bxc3
Qf6 28. Qh2 Bxg4 29. Bxg4 Rg8 30. Kf2 Rxg4 31. Rh1 Rh7 32. Qh5 Rgg7 33. Rhg1
Qe6 34. Rxd6 Qe7 35. Rxh6 Rxh6 36. Qxh6+ Rh7 37. Qg5 Rh2+ 38. Rg2 Rxg2+ 39.
Kxg2 Qe4+ 40. Kf2 Qc2+ 41. Kg3 Qxc3 42. Qe5+ Qxe5 43. fxe5 Kg7 44. Kf4 Kf7 45.
Kf5 Ke7 46. a4 1-0

[Event "L. Polugaevsky Memorial 2012"]
[Site "Samara"]
[Date "2012.07.08"]
[Round "4.26"]
[White "Sukhareva, Evgeniya"]
[Black "Popelyshev, Igor V"]
[Result "1-0"]
[WhiteElo "2259"]
[BlackElo "2095"]
[PlyCount "69"]
[EventDate "2012.07.05"]

1. d4 e6 2. c4 f5 3. g3 Nf6 4. Bg2 d5 5. Nf3 c6 6. b3 Bd6 7. O-O O-O 8. Ba3
Bxa3 9. Nxa3 Nbd7 10. Qc2 Ne4 11. Qb2 Qf6 12. Rac1 f4 13. Nb1 g5 14. Ne5 Nxe5
15. dxe5 Qh6 16. Bxe4 dxe4 17. Nc3 f3 18. Nxe4 g4 19. h4 gxh3 20. Nf6+ Rxf6 21.
exf6 h2+ 22. Kh1 e5 23. exf3 Qxf6 24. f4 Bg4 25. f3 Bh3 26. Rf2 Re8 27. Rxh2
Bf5 28. Re1 Qd6 29. fxe5 Qb4 30. Qd2 Qe7 31. g4 Rd8 32. Qf4 Bg6 33. Rhe2 Rd3
34. Kg2 Qe6 35. Rd2 1-0

[Event "L. Polugaevsky Memorial 2012"]
[Site "Samara"]
[Date "2012.07.08"]
[Round "4.28"]
[White "Zhurikhin, Alexander"]
[Black "Jurkina, Yulia"]
[Result "1-0"]
[WhiteElo "2240"]
[BlackElo "1999"]
[PlyCount "93"]
[EventDate "2012.07.05"]

1. e4 d5 2. exd5 Nf6 3. d4 Nxd5 4. c4 Nb6 5. Nf3 g6 6. c5 Nd5 7. Bc4 Bg7 8. O-O
c6 9. Nc3 Be6 10. Qb3 Nxc3 11. bxc3 Bxc4 12. Qxc4 O-O 13. Re1 Nd7 14. Rb1 b6
15. cxb6 axb6 16. Qxc6 Rxa2 17. Bg5 Re8 18. Re3 Bf6 19. Rbe1 Bxg5 20. Nxg5 Ra5
21. h4 Rf5 22. Qd6 e6 23. g4 Ra5 24. Rf3 Qe7 25. Nxf7 Qxd6 26. Nxd6 Re7 27.
Rfe3 Nf6 28. g5 Nd5 29. Rf3 Ra3 30. Ne4 Rc7 31. Nf6+ Nxf6 32. Rxf6 Raxc3 33.
Rexe6 Rd3 34. Rd6 b5 35. Kf1 Rc4 36. Rd8+ Kg7 37. Rd7+ Kg8 38. Rb6 Rc8 39. Rxb5
Rh3 40. d5 Rxh4 41. d6 Rf4 42. Rbb7 Rc1+ 43. Kg2 Rc2 44. Rd8+ Rf8 45. Rxf8+
Kxf8 46. Rb8+ Kf7 47. d7 1-0

[Event "L. Polugaevsky Memorial 2012"]
[Site "Samara"]
[Date "2012.07.08"]
[Round "4.29"]
[White "Popov, Alexey"]
[Black "Elistratov, Semen"]
[Result "1/2-1/2"]
[WhiteElo "2229"]
[BlackElo "1985"]
[PlyCount "119"]
[EventDate "2012.07.05"]

1. Nf3 Nf6 2. d4 e6 3. e3 b6 4. Bd3 Bb7 5. O-O Be7 6. b3 O-O 7. Bb2 d5 8. Ne5
Nbd7 9. f4 Ne4 10. Rf3 f6 11. Nxd7 Qxd7 12. Rh3 f5 13. Nd2 Bf6 14. Nf3 c5 15.
Ne5 Bxe5 16. dxe5 Rfd8 17. Qe2 Rac8 18. Rd1 Qc7 19. Rf1 c4 20. Bxe4 dxe4 21.
Bd4 Bd5 22. g4 cxb3 23. gxf5 exf5 24. cxb3 Be6 25. Rg3 Rd7 26. Qh5 Qd8 27. Kh1
Qe8 28. Qxe8+ Rxe8 29. Rc1 Ree7 30. Rg2 Rc7 31. Rgc2 Rxc2 32. Rxc2 Kf7 33. Kg2
h6 34. h4 g5 35. hxg5 hxg5 36. fxg5 Kg6 37. Rc6 Kxg5 38. Kg3 Bd5 39. Rc8 Be6
40. Rc6 Bd5 41. Rd6 Be6 42. Bb2 Re8 43. Rc6 Bc8 44. Rc7 a6 45. Ba3 Rg8 46. Rc6
b5 47. Be7+ Kh5+ 48. Kf2 Re8 49. Bf6 Kg4 50. Rc7 Rg8 51. Rh7 f4 52. Rh4+ Kf5
53. Rxf4+ Ke6 54. Rh4 a5 55. Rh7 a4 56. bxa4 bxa4 57. Re7+ Kf5 58. Ra7 Be6 59.
Rxa4 Rb8 60. Ra7 1/2-1/2

[Event "L. Polugaevsky Memorial 2012"]
[Site "Samara"]
[Date "2012.07.08"]
[Round "4.30"]
[White "Liberman, Evgeny"]
[Black "Alieva, Alexandra"]
[Result "1/2-1/2"]
[WhiteElo "2213"]
[BlackElo "1975"]
[PlyCount "93"]
[EventDate "2012.07.05"]

1. e4 e5 2. Nf3 Nc6 3. d4 exd4 4. Nxd4 Bc5 5. Nb3 Bb6 6. Nc3 h6 7. Qe2 d6 8.
Be3 Be6 9. O-O-O Qd7 10. h3 Bxb3 11. cxb3 O-O-O 12. Bxb6 axb6 13. Qc2 Nge7 14.
Bb5 Qe6 15. Kb1 d5 16. exd5 Nxd5 17. Rxd5 Rxd5 18. Bc4 Nb4 19. Bxd5 Nxd5 20.
Nxd5 Qxd5 21. Rc1 c6 22. Rd1 Qe6 23. a3 Rd8 24. Ka2 Rxd1 25. Qxd1 Qe4 26. g3 g6
27. Qd6 Qe8 28. g4 b5 29. f4 Qh8 30. Qe7 Qg7 31. f5 gxf5 32. gxf5 Kb8 33. Qd8+
Ka7 34. f6 Qg6 35. Qh8 Qh5 36. Qe8 Qg6 37. Qe5 Qg5 38. Qe7 Qg6 39. h4 Qh5 40.
Qe8 Qg6 41. Qe5 Ka6 42. Qf4 Qh5 43. Qd4 Qf5 44. Qd6 Qg6 45. Qd8 Qh5 46. Qc7 Ka7
47. Qd8 1/2-1/2

[Event "L. Polugaevsky Memorial 2012"]
[Site "Samara"]
[Date "2012.07.08"]
[Round "4.31"]
[White "Dvoirys, Semen I"]
[Black "Sazonova, Anastasia"]
[Result "1-0"]
[WhiteElo "2580"]
[BlackElo "1939"]
[PlyCount "75"]
[EventDate "2012.07.05"]

1. e4 c5 2. Nf3 d6 3. d4 cxd4 4. Nxd4 Nf6 5. Nc3 Nc6 6. Bc4 g6 7. Nxc6 bxc6 8.
e5 Nd7 9. exd6 exd6 10. O-O Be7 11. Bh6 Ne5 12. Bb3 Be6 13. Bxe6 fxe6 14. Bg7
Rg8 15. Bxe5 dxe5 16. Qf3 Qc7 17. Qh3 Kf7 18. Qxh7+ Rg7 19. Qh3 Rgg8 20. Ne4
Rh8 21. Qf3+ Kg7 22. Rae1 Rab8 23. b3 Rh7 24. Re3 Rf8 25. Qe2 Rf4 26. Rd1 Rh8
27. Red3 Rf7 28. Nd6 Bxd6 29. Rxd6 Rh5 30. Rxe6 Rhf5 31. Qg4 R7f6 32. Rxf6 Kxf6
33. Qb4 Ke6 34. Qc5 Rf7 35. Qc4+ Ke7 36. Qh4+ Rf6 37. Qh7+ Rf7 38. Qxg6 1-0

[Event "L. Polugaevsky Memorial 2012"]
[Site "Samara"]
[Date "2012.07.08"]
[Round "4.32"]
[White "Bykova, Anastasia"]
[Black "Bakin, Alexander"]
[Result "0-1"]
[WhiteElo "2005"]
[BlackElo "2176"]
[PlyCount "100"]
[EventDate "2012.07.05"]

1. d4 d5 2. Nf3 Nf6 3. c4 e6 4. Qc2 Be7 5. g3 O-O 6. Bg2 b6 7. O-O Bb7 8. Bd2
c5 9. cxd5 exd5 10. Be3 Nbd7 11. Nc3 Rc8 12. Rfd1 Re8 13. a4 a6 14. Qb3 c4 15.
Qc2 Bd6 16. Bf4 Qc7 17. Qd2 Nf8 18. Rdc1 Ne6 19. e3 Qe7 20. Bxd6 Qxd6 21. Ne5
Nd8 22. Qe2 Nc6 23. Nxc6 Bxc6 24. Qe1 Bd7 25. Ra2 Bf5 26. Qd2 h5 27. h4 Qe6 28.
Kh2 Rcd8 29. Re1 g6 30. Raa1 Qd6 31. Kg1 Kg7 32. Bf3 Bg4 33. Kg2 Qb4 34. Bxg4
hxg4 35. Ne4 Qxd2 36. Nxd2 Ra8 37. Ra3 b5 38. axb5 axb5 39. Rea1 Rab8 40. Ra7
b4 41. Rc7 Rec8 42. Rxc8 Rxc8 43. Kf1 c3 44. bxc3 bxc3 45. Nb3 Rb8 46. Nc5 c2
47. Rc1 Rb1 48. Nd3 Ne4 49. Kg2 Rxc1 50. Nxc1 Nd2 0-1

[Event "L. Polugaevsky Memorial 2012"]
[Site "Samara"]
[Date "2012.07.08"]
[Round "4.33"]
[White "Semenova, Alena"]
[Black "Kabanova, Ekaterina"]
[Result "1/2-1/2"]
[WhiteElo "1957"]
[BlackElo "2164"]
[PlyCount "91"]
[EventDate "2012.07.05"]

1. e4 c5 2. b3 Nf6 3. e5 Nd5 4. Bb2 e6 5. Nf3 b6 6. c4 Nb4 7. Be2 Bb7 8. O-O
Be7 9. d4 O-O 10. a3 N4a6 11. Bd3 Nc7 12. Nbd2 cxd4 13. Nxd4 d5 14. exd6 Qxd6
15. Ne4 Qf4 16. Ne2 Qh4 17. g3 Qh6 18. Bc1 Qh5 19. Qc2 f5 20. Nd2 e5 21. f3
Bc5+ 22. Kg2 Ne6 23. Bb2 Nd7 24. b4 Be3 25. c5 bxc5 26. Bc4 Qh6 27. Qd3 Bd4 28.
Nxd4 cxd4 29. Rae1 Kh8 30. Bxe6 Qxe6 31. Qxd4 Rfd8 32. Qc4 Qh6 33. Bc1 Rac8 34.
Qh4 Qe6 35. Rf2 Nf6 36. b5 Rc2 37. Qb4 Qc8 38. Bb2 Ng4 39. Rfe2 Ne3+ 40. Kg1
Nd5 41. Qb3 Qc5+ 42. Kf1 e4 43. Nxe4 Ne3+ 44. Qxe3 Qxe3 45. Rxe3 fxe4 46. R3e2
1/2-1/2

[Event "L. Polugaevsky Memorial 2012"]
[Site "Samara"]
[Date "2012.07.08"]
[Round "4.34"]
[White "Litvinov, Maxim"]
[Black "Mirzaev, Aziz"]
[Result "1-0"]
[WhiteElo "1947"]
[BlackElo "2154"]
[PlyCount "145"]
[EventDate "2012.07.05"]

1. e4 e5 2. Nf3 Nc6 3. Bb5 a6 4. Bxc6 dxc6 5. Nc3 f6 6. d4 exd4 7. Nxd4 c5 8.
Nde2 Qxd1+ 9. Nxd1 Bd7 10. Bf4 O-O-O 11. Ne3 Ne7 12. O-O-O Re8 13. Nc3 Bc6 14.
f3 Ng6 15. Bg3 Ne5 16. Ncd5 b5 17. b3 Kb7 18. h3 h5 19. h4 Rh7 20. c3 Rc8 21.
Kc2 Nd7 22. Nf4 Bd6 23. Nf5 {%07-2109535947} Bxf4 24. Bxf4 g6 25. Ne3 Nb6 26.
Rd2 Re8 27. Rhd1 Kc8 28. Bg3 Rf7 29. Bf2 f5 30. exf5 gxf5 31. Nf1 Nd7 32. Ng3
f4 33. Ne2 Rg8 34. Rg1 Rf5 35. Nc1 Nb6 36. Re2 Rg6 37. Nd3 Nd7 38. Re8+ Kb7 39.
Re7 Rd6 40. c4 Kb8 41. Rge1 a5 42. Ne5 Nxe5 43. R1xe5 Rxe5 44. Rxe5 bxc4 45.
Rxh5 cxb3+ 46. axb3 c4 47. bxc4 a4 48. Bc5 Re6 49. Kd2 Kb7 50. Rf5 Rg6 51. Rg5
Rh6 52. Rg4 Rf6 53. Kc3 Be8 54. Bd4 Rf5 55. Rg5 Rf7 56. Be5 Rh7 57. Rg4 Bd7 58.
Rg7 Rh5 59. Bxf4 Bc6 60. Rxc7+ Kb6 61. Rg7 Bb7 62. Bg5 Rh8 63. Kb4 Ra8 64. c5+
Kc6 65. Rg6+ Kd5 66. Rd6+ Ke5 67. Bf6+ Kf4 68. c6 Bc8 69. c7 Kg3 70. Rb6 Ra7
71. Rb8 Bf5 72. Rg8+ Kf4 73. c8=Q 1-0

[Event "L. Polugaevsky Memorial 2012"]
[Site "Samara"]
[Date "2012.07.08"]
[Round "4.35"]
[White "Sviridova, Vlada"]
[Black "Strunin, Anton"]
[Result "1-0"]
[WhiteElo "2115"]
[BlackElo "1889"]
[PlyCount "101"]
[EventDate "2012.07.05"]

1. d4 d5 2. c4 e6 3. Nf3 Nf6 4. e3 b6 5. cxd5 exd5 6. Bd3 Bb7 7. O-O Bd6 8. Nc3
O-O 9. Qc2 Re8 10. Nb5 c5 11. Nxd6 Qxd6 12. Bd2 Nbd7 13. Rac1 c4 14. Bf5 b5 15.
Ba5 Rab8 16. a3 g6 17. Bh3 Bc8 18. Rfe1 Ne4 19. Nd2 Ndf6 20. Bxc8 Rbxc8 21. f3
Ng5 22. Bb4 Qc7 23. Qc3 Ne6 24. Ra1 Qc6 25. Nf1 Nd8 26. Qc2 Nb7 27. g4 a5 28.
Bc3 Qb6 29. Qd2 Ra8 30. Ra2 Kg7 31. Ng3 b4 32. g5 Nd7 33. Qg2 bxc3 34. bxc3 Qb3
35. Rae2 Qxc3 36. Qh3 Re6 37. f4 Nd6 38. Qg2 Nb6 39. h4 Qxa3 40. h5 c3 41. Qh3
c2 42. hxg6 fxg6 43. Rxc2 Re7 44. f5 gxf5 45. Qh6+ Kf7 46. Rc6 Rxe3 47. g6+
hxg6 48. Rc7+ Nd7 49. Rxe3 Qa4 50. Rxd7+ Qxd7 51. Qh7+ 1-0

[Event "L. Polugaevsky Memorial 2012"]
[Site "Samara"]
[Date "2012.07.08"]
[Round "4.36"]
[White "Bobrov, Vitaly"]
[Black "Idrisova, Roza"]
[Result "1/2-1/2"]
[WhiteElo "1925"]
[BlackElo "2101"]
[PlyCount "97"]
[EventDate "2012.07.05"]

1. e4 c6 2. d4 d5 3. Nc3 a6 4. Nf3 Bg4 5. exd5 cxd5 6. Be2 e6 7. O-O Nf6 8. Bf4
Nc6 9. Ne5 Bxe2 10. Nxe2 Nxe5 11. dxe5 Ne4 12. c3 Be7 13. Nd4 O-O 14. Qg4 Bg5
15. f3 Bxf4 16. Qxf4 Nc5 17. Qe3 Qc7 18. Rac1 b5 19. Nb3 Nxb3 20. axb3 Qa7 21.
Qxa7 Rxa7 22. b4 a5 23. Ra1 Rfa8 24. bxa5 Rxa5 25. Rxa5 Rxa5 26. Kf2 Ra2 27.
Rb1 Kf8 28. Ke3 Ra4 29. Rd1 Ke7 30. Rd4 Ra5 31. Rg4 g6 32. Rh4 h5 33. Rd4 f6
34. f4 g5 35. g3 Kf7 36. Rb4 fxe5 37. fxe5 Kg6 38. h4 gxh4 39. Rxh4 Kg5 40. Rf4
Ra4 41. b4 Ra6 42. Rf8 Rc6 43. Kd3 Rc4 44. Rf6 Rc6 45. Rf8 {=} Kg4 46. Rg8+ Kf5
47. Rh8 Kg4 48. Rg8+ Kf5 49. Rh8 {=} 1/2-1/2

[Event "L. Polugaevsky Memorial 2012"]
[Site "Samara"]
[Date "2012.07.08"]
[Round "4.38"]
[White "Chekalkina, Viktoria"]
[Black "Kobylsky, Evgeny"]
[Result "0-1"]
[WhiteElo "1834"]
[BlackElo "2091"]
[PlyCount "46"]
[EventDate "2012.07.05"]

1. e4 e5 2. f4 exf4 3. Nf3 d5 4. exd5 Bd6 5. Be2 Ne7 6. O-O O-O 7. Nc3 Ng6 8.
Ne4 Be7 9. c4 Bf5 10. Nc3 c6 11. d4 Nd7 12. c5 Bf6 13. d6 b6 14. d5 bxc5 15.
dxc6 Nde5 16. c7 Qd7 17. Bb5 Qe6 18. Na4 Nxf3+ 19. Qxf3 Be4 20. Qe2 Bd4+ 21.
Kh1 Nh4 22. Rf3 Nxf3 23. gxf3 Qg4 0-1

[Event "L. Polugaevsky Memorial 2012"]
[Site "Samara"]
[Date "2012.07.08"]
[Round "4.40"]
[White "Orekhov, Vladislav"]
[Black "Sorochan, Dmitry"]
[Result "0-1"]
[WhiteElo "1792"]
[BlackElo "2068"]
[PlyCount "105"]
[EventDate "2012.07.05"]

1. g3 d5 2. Bg2 c5 3. Nf3 Nc6 4. d4 e6 5. O-O Nf6 6. b3 Be7 7. Bb2 O-O 8. Nbd2
b6 9. c4 Bb7 10. e3 Rc8 11. Re1 h6 12. a3 Rc7 13. Rc1 Qa8 14. Qe2 cxd4 15. exd4
dxc4 16. Rxc4 Ba6 17. Rxc6 Bxe2 18. Rxc7 Bd6 19. Ne5 Qd8 20. Rc2 Ba6 21. Ndc4
Bxc4 22. Nxc4 Nd5 23. Rec1 b5 24. Ne5 Bxe5 25. dxe5 Qd7 26. b4 Nb6 27. Bc6 Qd3
28. Rc3 Qf5 29. Bxb5 Qxe5 30. a4 a6 31. R3c2 Qe4 32. Bxa6 Nxa4 33. b5 Nb6 34.
Rc6 Nd5 35. Ba3 Ne3 36. fxe3 Qxe3+ 37. Kh1 Qxa3 38. Bc8 Qf3+ 39. Kg1 Rd8 40.
Bb7 Qe3+ 41. Kh1 Qe4+ 42. Kg1 Qd4+ 43. Kf1 Qd3+ 44. Kg1 Qxb5 45. Ba6 Qb2 46.
Rc8 Kh7 47. Rxd8 Qxc1+ 48. Bf1 Qc5+ 49. Kg2 Qc6+ 50. Kh3 Qf3 51. Bd3+ f5 52.
Rd6 e5 53. Bc4 0-1

[Event "L. Polugaevsky Memorial 2012"]
[Site "Samara"]
[Date "2012.07.08"]
[Round "4.41"]
[White "Kalashnikova, Elena"]
[Black "Komendatyan, Artyom"]
[Result "0-1"]
[WhiteElo "1706"]
[BlackElo "2036"]
[PlyCount "76"]
[EventDate "2012.07.05"]

1. e4 e6 2. Nc3 c5 3. Nf3 Nc6 4. Bb5 d5 5. exd5 exd5 6. O-O Nf6 7. Ne5 Qc7 8.
Re1 Be7 9. Bxc6+ bxc6 10. d3 O-O 11. Bg5 Be6 12. Qf3 Rfe8 13. h3 Rab8 14. Nd1
h6 15. Bf4 Bd6 16. d4 cxd4 17. Nd3 Ne4 18. Bxd6 Qxd6 19. Nf4 c5 20. Nxe6 Rxe6
21. Qd3 Rbe8 22. Rf1 Qb6 23. b3 c4 24. bxc4 dxc4 25. Qa3 Nd2 26. Nb2 Nxf1 27.
Rxf1 Qb5 28. c3 Ra6 29. Na4 Rxa4 30. Qc1 d3 31. a3 Ra6 32. Qa1 d2 33. Qa2 Rd6
34. Qc2 Re1 35. a4 Qb3 36. Qxd2 Rxf1+ 37. Kxf1 Rxd2 38. Ke1 Qxc3 0-1

[Event "L. Polugaevsky Memorial 2012"]
[Site "Samara"]
[Date "2012.07.08"]
[Round "4.44"]
[White "Maslova, Polina"]
[Black "Korovin, Mikhail"]
[Result "0-1"]
[WhiteElo "1824"]
[BlackElo "2110"]
[PlyCount "118"]
[EventDate "2012.07.05"]

1. e4 e6 2. d4 d5 3. exd5 exd5 4. Nf3 Nc6 5. Bb5 Bd6 6. c4 Bb4+ 7. Nc3 Nge7 8.
O-O O-O 9. Bxc6 bxc6 10. c5 Bxc3 11. bxc3 Bg4 12. Re1 f6 13. Qd3 Qd7 14. Bf4
Ng6 15. Bg3 Rab8 16. h3 Bxf3 17. Qxf3 f5 18. Bf4 Rbe8 19. Re3 Re4 20. Bh2 Nh4
21. Qh5 Rxe3 22. fxe3 Qe7 23. Bf4 Ng6 24. Qf3 Nxf4 25. Qxf4 g5 26. Qg3 h6 27.
Rb1 a5 28. h4 f4 29. exf4 Rxf4 30. hxg5 hxg5 31. Rb8+ Kg7 32. Re8 Qf6 33. Re5
Rf1+ 34. Kh2 Qh6+ 35. Qh3 Qxh3+ 36. Kxh3 Kf6 37. Re8 Rc1 38. Rc8 Rxc3+ 39. g3
Kf5 40. Rxc7 Ke4 41. Rxc6 Kxd4 42. Rg6 Rxc5 43. Rxg5 Kc4 44. Kg2 Rb5 45. Rf5
Rb8 46. Rf4+ d4 47. Rf7 Rb2+ 48. Kf3 Rxa2 49. g4 Ra1 50. Kf2 Rb1 51. g5 Rb5 52.
g6 Rg5 53. Ra7 Rxg6 54. Rxa5 Re6 55. Ra3 d3 56. Ra8 d2 57. Rc8+ Kb3 58. Rd8 Kc2
59. Rc8+ Kd1 0-1

[Event "L. Polugaevsky Memorial 2012"]
[Site "Samara"]
[Date "2012.07.08"]
[Round "4.45"]
[White "Bogolepov, Grigory"]
[Black "Gusev, Boris A"]
[Result "0-1"]
[WhiteElo "1614"]
[BlackElo "1956"]
[PlyCount "142"]
[EventDate "2012.07.05"]

1. d4 d5 2. Nf3 Nf6 3. e3 c6 4. Bd3 Bg4 5. O-O Nbd7 6. h3 Bh5 7. c4 e5 8. Be2
Bxf3 9. Bxf3 e4 10. Be2 Bd6 11. Nc3 O-O 12. cxd5 cxd5 13. Qb3 Nb6 14. Nb5 Be7
15. Bd2 a6 16. Nc3 Rc8 17. f3 Bd6 18. Rac1 Bb8 19. Be1 exf3 20. Bxf3 Qd6 21. g3
Qe6 22. Kg2 Nc4 23. Bf2 Nd2 24. Qxb7 Nxf1 25. Rxf1 Rfd8 26. Qb3 h5 27. Na4 h4
28. Nc5 Qc6 29. Qd3 hxg3 30. Bxg3 Bxg3 31. Kxg3 Rd6 32. Rg1 Re8 33. Kf2 Ne4+
34. Bxe4 dxe4 35. Qe2 Rf6+ 36. Ke1 Rh6 37. Qg2 Rg6 38. Qf2 Rxg1+ 39. Qxg1 Qb5
40. Qf2 Qa5+ 41. Kd1 Qxa2 42. Kc2 Rb8 43. Kc3 a5 44. Qc2 Rb4 45. Qe2 Qb1 46.
Qd2 Qf1 47. b3 f5 48. Kb2 Qb5 49. Ka2 Qc6 50. h4 Qd6 51. Qf2 Qd5 52. Ka3 g6 53.
Qg3 Qf7 54. h5 f4 55. exf4 Rxd4 56. hxg6 Qe7 57. Qc3 Rd5 58. b4 axb4+ 59. Kxb4
Qxc5+ 60. Qxc5 Rxc5 61. Kxc5 e3 62. Kd5 e2 63. Ke6 e1=Q+ 64. Kf6 Qe4 65. f5
Qh4+ 66. Ke6 Kg7 67. Ke5 Qe7+ 68. Kf4 Kf6 69. Kg4 Qe4+ 70. Kh5 Qf4 71. g7 Qg5#
0-1

[Event "L. Polugaevsky Memorial 2012"]
[Site "Samara"]
[Date "2012.07.08"]
[Round "4.46"]
[White "Rotmistrov, Aleksandr"]
[Black "Rumyantsev, Nikolay"]
[Result "1-0"]
[WhiteElo "1835"]
[BlackElo "1742"]
[PlyCount "77"]
[EventDate "2012.07.05"]

1. e4 d5 2. exd5 c6 3. dxc6 Nxc6 4. Nf3 e5 5. Bb5 Bg4 6. h3 Bh5 7. g4 Bg6 8.
Nxe5 Qd5 9. Bxc6+ bxc6 10. O-O Be7 11. Re1 f6 12. Nc3 Qd6 13. Nc4 Qc7 14. d3 h5
15. Qf3 O-O-O 16. Bf4 Qd7 17. Nb5 Qd5 18. Qxd5 Rxd5 19. Nbd6+ Kd7 20. Ne4 hxg4
21. hxg4 Rh4 22. Bg3 Rh8 23. a4 Nh6 24. Nc3 Rd4 25. f3 Bc5 26. Kg2 Nf7 27. Bf2
Rxc4 28. dxc4 Bxf2 29. Rad1+ Kc7 30. Re7+ Kb6 31. a5+ Kxa5 32. Kxf2 Kb4 33.
Rb7+ Kxc4 34. Nb1 Kc5 35. Na3 a5 36. c3 a4 37. Kg3 Nd6 38. Rxg7 Bf7 39. Rxd6
1-0

[Event "L. Polugaevsky Memorial 2012"]
[Site "Samara"]
[Date "2012.07.08"]
[Round "4.47"]
[White "Loginov, Ilya"]
[Black "Chekletsov, Egor"]
[Result "1/2-1/2"]
[WhiteElo "1740"]
[BlackElo "1917"]
[PlyCount "78"]
[EventDate "2012.07.05"]

1. e4 c5 2. Nf3 e6 3. c3 d5 4. exd5 exd5 5. d4 Nc6 6. Be2 Bd6 7. O-O Nge7 8.
dxc5 Bxc5 9. Bg5 f6 10. Bf4 O-O 11. Nbd2 Ng6 12. Bg3 Nge5 13. b4 Bd6 14. Nb3
Be6 15. Nbd4 Bf7 16. Nf5 Bc7 17. Bb5 Nxf3+ 18. Qxf3 Be5 19. Bxc6 bxc6 20. Qg4
Bg6 21. Rac1 Bxf5 22. Qxf5 Re8 23. Qd3 Qb6 24. a4 Rad8 25. a5 Qb7 26. Rfd1 Qe7
27. Re1 Qf7 28. Rcd1 Bxg3 29. hxg3 Rd7 30. Qd2 Rde7 31. Kf1 Qh5 32. Kg1 Rxe1+
33. Rxe1 Rxe1+ 34. Qxe1 Kf7 35. Qe3 Qd1+ 36. Kh2 Qh5+ 37. Kg1 Qd1+ 38. Kh2 Qh5+
39. Kg1 Qd1+ 1/2-1/2

[Event "L. Polugaevsky Memorial 2012"]
[Site "Samara"]
[Date "2012.07.08"]
[Round "4.48"]
[White "Kiryushova, Dariya"]
[Black "Gumerov, Ruslan"]
[Result "0-1"]
[WhiteElo "1617"]
[BlackElo "1877"]
[PlyCount "94"]
[EventDate "2012.07.05"]

1. e4 c5 2. Nf3 e6 3. d4 cxd4 4. Nxd4 Nc6 5. Be3 a6 6. a4 Qc7 7. Be2 Nf6 8. Nc3
Bb4 9. Bf3 Ne5 10. Bd2 O-O 11. O-O d6 12. Re1 Rb8 13. Na2 Bc5 14. Bc3 b5 15.
axb5 axb5 16. Nb3 Ba7 17. Nb4 Nfd7 18. Be2 Nc5 19. Nxc5 Bxc5 20. Nd3 b4 21.
Bxe5 dxe5 22. Nxc5 Qxc5 23. Bd3 f5 24. Qe2 f4 25. g3 Rf6 26. gxf4 Rg6+ 27. Kf1
exf4 28. e5 Rh6 29. Qe4 Bb7 30. Qxf4 Rf8 31. Qe3 Qxe3 32. Rxe3 Rxh2 33. Ra7
Rfxf2+ 34. Ke1 Bd5 35. Rg3 g6 36. Ra4 Rf4 37. Ra7 Be4 38. Rd7 Bxd3 39. Rdxd3
Rxc2 40. Rd8+ Kg7 41. Rd7+ Kh6 42. Rh3+ Kg5 43. Rdxh7 Kg4 44. Rh1 Rxb2 45. R7h2
Re4+ 46. Kd1 Rxh2 47. Rxh2 Rxe5 0-1

[Event "L. Polugaevsky Memorial 2012"]
[Site "Samara"]
[Date "2012.07.08"]
[Round "4.49"]
[White "Velichko, Artemy"]
[Black "Alieva, Viktoria"]
[Result "1-0"]
[WhiteElo "1761"]
[BlackElo "1443"]
[PlyCount "39"]
[EventDate "2012.07.05"]

1. d4 d5 2. c4 dxc4 3. e3 Nf6 4. Bxc4 e6 5. Nf3 c5 6. O-O Be7 7. Nc3 O-O 8. Qe2
cxd4 9. exd4 Qc7 10. Bb3 Nc6 11. Bg5 Ng4 12. Be3 e5 13. Nd5 Qd6 14. Nxe7+ Qxe7
15. dxe5 Ncxe5 16. h3 Nxe3 17. Qxe3 Nxf3+ 18. Qxf3 Qe5 19. Rfe1 Qg5 20. Qxf7+
1-0